Pennsylvania Trivia - Statistics

General Stats
  • This quiz has been taken 263 times
    161 since last reset
  • The average score is 9 of 15
Answer Stats
Hint Answer % Correct
Capital City Harrisburg
99%
Largest City Philadelphia
97%
Largest Lake Lake Erie
82%
Site of major Chocolate Company Hershey
79%
State Nickname Keystone State
78%
The site of a major Cival War Battle Gettysburg
76%
Largest University Penn State
74%
Most Recent Year of a Professional Sports Championship 2018
70%
Place in PA where Revolutionary War troops stayed over a winter Valley Forge
60%
The only President from Pennsylvania James Buchanan
48%
Order when PA was entered into the union of the USA 2
46%
Famous NBA player from eastern PA Kobe Bryant/Wilt Chamberlin
40%
Most recent PA college to win a NCAA Men's Basketball Championship Villanova
32%
Largest County in PA Lycoming County
10%
The town where the Pennsylvania President was born in Mercersburg
4%
No matching quizzes found
Score Distribution
Percent of People with Each Score
Percentile by Number Answered
Your Score History
You have not taken this quiz since the last reset